000 01164nam a22002657a 4500
001 4714
003 FISKH
005 20250827144945.0
008 240925b cb ||||| |||| 00| 0 eng d
020 _a9780545112420
040 _aFISKH
_beng
_cFISKH
_dFISKH
050 _aPZ7.M85354
082 _2310
100 _aMoss, Olivia
245 _aZippy's tall tale /
_cby Olivia Moss illustrated by Helen Turner
250 _aFirst printing in 2009
260 _aLondon :
_bScholastic,
_c2009.
300 _a72 pages :
_billustrations ;
_c20cm
520 _a"In Butterfly Meadow, colorful butterflies dance through the air, glowworms inch through the grass, and bumblebees buzz around every flower. It's a place where friendships and adventures take flight! Zippy, a migrating butterfly, has lots of exciting stories to tell! But when Dazzle joins him on a trip to the mountains, she learns that Zippy's stories aren't what they seem. Could his tall tales land them in a ton of trouble?"--p. [4] of cover.
650 _2Migration
_aFiction
650 _2Butterfly Meadow
_aAnimals
700 _aTurner, Helen
_dIllustrator
942 _2ddc
_cBK
_n0
999 _c4714
_d4714